00158nam a2200061Ia 4500008004100000100001700041245003800058170627s9999 xx 000 0 und d aKAHATE- ATUL 0aCRYPTOGRAPHY AND NETWORK SECURITY